[Event "Europe Echecs online op April"]
[Site "Europe Echecs INT"]
[Date "2020.04.11"]
[Round "7"]
[White "Cordier, Matthieu"]
[Black "Dimey, Cyrille"]
[Result "1-0"]
[WhiteElo "1590"]
[BlackElo "1900"]
[PlyCount "53"]
[EventDate "2020.04.11"]
[EventType "swiss (blitz)"]
[EventRounds "11"]
[EventCountry "FRA"]
[SourceTitle "EXT 2021"]
[Source "ChessBase"]
[SourceDate "2020.10.23"]
[SourceVersion "1"]
[SourceVersionDate "2020.10.23"]
[SourceQuality "1"]

1. Nf3 Nf6 2. d4 e6 3. Bg5 h6 4. Bh4 c5 5. e3 Be7 6. Be2 b6 7. 0-0 Bb7 8. Nbd2 cxd4 9. exd4 d6 10. c3 Nbd7 11. Qc2 0-0 12. Rae1 Rc8 13. Bd3 Rc7 14. Re2 a6 15. Rfe1 b5 16. a3 Nd5 17. Bxe7 Qxe7 18. Be4 N7f6 19. Bd3 Nf4 20. Re3 Nxd3 21. Qxd3 Nd5 22. Re4 Nb6 23. Rg4 Qf6 24. Ne4 Qf5 25. h3 d5 26. Nh4 Qh7 27. Nf6+ 1-0

[Event "Europe Echecs online op April"]
[Site "Europe Echecs INT"]
[Date "2020.04.11"]
[Round "4"]
[White "Maurizzi, Marc Andria"]
[Black "Cordier, Matthieu"]
[Result "1-0"]
[WhiteElo "2435"]
[BlackElo "1590"]
[PlyCount "113"]
[EventDate "2020.04.11"]
[EventType "swiss (blitz)"]
[EventRounds "11"]
[EventCountry "FRA"]
[SourceTitle "EXT 2021"]
[Source "ChessBase"]
[SourceDate "2020.10.23"]
[SourceVersion "1"]
[SourceVersionDate "2020.10.23"]
[SourceQuality "1"]

1. d4 d5 2. Nf3 Nf6 3. c4 e6 4. g3 b6 5. Bg2 Bb7 6. 0-0 Be7 7. Nc3 dxc4 8. Qa4+ Qd7 9. Qxc4 0-0 10. Bf4 Bd6 11. Bg5 Qe7 12. Ne5 Bxg2 13. Kxg2 h6 14. Bxf6 Qxf6 15. Ne4 Qe7 16. Rac1 a5 17. a3 Ra7 18. Rfd1 Rc8 19. f4 Bxe5 20. fxe5 Nd7 21. Qc6 Nf8 22. Rf1 Nh7 23. h4 Nf8 24. e3 Qd7 25. Nd6 Rd8 26. Rxf7 Qxc6+ 27. Rxc6 Rxd6 28. exd6 Kxf7 29. Rxc7+ Rxc7 30. dxc7 Ke7 31. c8Q Nd7 32. Kf2 Kd6 33. Ke2 Nf6 34. Kd3 Ke7 35. Qc7+ Nd7 36. e4 g5 37. hxg5 hxg5 38. e5 Ke8 39. Qd6 Kd8 40. Qxe6 Kc7 41. Qxd7+ Kxd7 42. d5 Ke7 43. Ke4 Kd7 44. a4 Ke7 45. g4 Kd7 46. b3 Ke7 47. Kf5 Kd7 48. Kxg5 Ke7 49. Kf5 Kd7 50. g5 Ke7 51. g6 Kf8 52. d6 b5 53. axb5 a4 54. bxa4 Ke8 55. a5 Kd8 56. a6 Ke8 57. a7 1-0